Biblioteca

Cuatro tesis de Leonardo Boff sobre la iglesia (Registro nro. 51603)

Detalles MARC
000 -LÍDER
Campo fijo de descripción fija 01063aab a2200205 i 4500
001 - NÚMERO DE CONTROL
Campo de control 768714001
003 - IDENTIFICADOR DEL NÚMERO DE CONTROL
Campo de control CO-MdFUSB
005 - FECHA Y HORA DE LA ULTIMA TRANSACCIÓN
control field 20240422103343.0
008 - ELEMENTOS DE LONGITUD FIJA -- INFORMACIÓN GENERAL
Campo fijo de descripción fija -- Información general 240411t1985 ag ||||| |||| 00| 0 spa d
040 ## - FUENTE DE CATALOGACIÓN
Idioma de catalogación spa
Agencia que realiza la transcripción CO-MdFUSB
041 ## - CÓDIGO DE IDIOMA
Código de idioma para texto/pista de sonido o título separado spa
100 1# - ASIENTO PRINCIPAL--NOMBRE PERSONAL
Nombre personal Padilla, C. René
Término relacionador autor
245 ## - TÍTULO
Título Cuatro tesis de Leonardo Boff sobre la iglesia
Mención de responsabilidad / C. René Padilla
300 ## - DESCRIPCIÓN FÍSICA
Extensión Volumen 4, número 3 (septiembre, 1985), páginas: 94 - 96
Dimensiones ; 27 cm
520 ## - NOTA DE RESUMEN, ETC.
Nota de sumario, etc. Las cuatro tesis de Boff que la Congregación de la Fe considera "peligrosas" representan posiciones de fundamental importancia para la eclesiología. Cabe señalar que, Boff critica el concepto de la Iglesia como "mater et magistra" porque propugna una política centralista, una estructura piramidal que depende del poder sacerdotal y magistral y de la autoridad sagrada de la jerarquía.<br/>
650 #7 - ASIENTO SECUNDARIO DE MATERIA - TERMINO TEMÁTICO
Término temático o nombre geográfico como elemento de entrada Teología dogmática
9 (RLIN) 6937
653 ## - TÉRMINO DE INDIZACIÓN - NO CONTROLADO
Término no controlado Eclesiología
773 0# - ASIENTO DE ITEM FUENTE
Título Iglesia y Misión
Biblionumber 49402
Itemnumber 59687
Parte(s) relacionada(s) / Volumen., número. (mes año), páginas Volumen 4, número 3 (septiembre, 1985), páginas: 94 - 96
Enumeración y primera página página: 94
942 ## - TIPO DE MATERIAL (KOHA)
Tipo de Item KOHA Artículos de Revista

No hay ítems disponibles.

Biblioteca FUSBC | Teléfono: (57+4) 349 88 10 Ext. 141| WhatsApp (+57) 3005338115 
E-mail: biblioteca@unisbc.edu.co | Calle 76 87-14 Robledo Palenque, Medellín, Colombia

Con tecnología Koha